Quizzes
Events
Quiz Creation
Community
Videos
Private Events
Remove Ads
Sign In
Join for FREE
Feedback
Dark Mode
Quiz Categories
Sports
Geography
Music
Movies
Television
Just For Fun
Miscellaneous
History
Literature
Language
Science
Gaming
Entertainment
Religion
Holiday
For Kids
Quiz Lab
Recent
Popular Today
Quiz Kudos Today
Editor Picks
Curator Picks
Quizzes by...
Day
Popularity
Type
Ratings
Length
Year
Community
Subscriptions
Recent Discussions
Orange Saloon
Badges
Playlists
Quests
Create
Leaderboards
Showdown
Live 5
Trivia Bingo
Activity
Puzzle Library
Sporcle Events
Private Events
Virtual Trivia
Globe League
Become a Host
Pub Owners
SporcleCon
Opinionation
Our Games
Videos
Blog
Mobile Apps
Partnerships
Remove Ads and Go Orange
Feedback
Movies
Disney
Marvel Cinematic Universe
Movie Resume
Movie Titles
Oscar
Actor
Actress
Director
Pixar
Role
Movie Quotes
Movie Characters
Box Office
Nominee
Best Picture
Star Wars
James Bond
Horror Movies
Movies
Disney
Marvel Cinematic Universe
Movie Resume
Movie Titles
Oscar
Actor
Actress
Director
Pixar
Role
Movie Quotes
Movie Characters
Box Office
Nominee
Best Picture
Star Wars
James Bond
Horror Movies
Random Quiz
Search Sporcle
×
Quiz Lab
Quiz Lab
Movies
Movie Quotes
Type in answers that appear in a list
Type in answers that appear in a list
Classic
Best Score? Go Orange.
Name That Teen Movie Stats
Can you name the Teen Movies given 3 clues?
By
orphiahedra
3m
14 Questions
722 Plays
722 Plays
722 Plays
Comments
Comments
Give Quiz Kudos
Give Quiz Kudos
-
- Ratings
hide this ad
Replay
Link that replays current quiz
Next Quiz
Link to next quiz in quiz playlist
You Got
0%
They Got
Avg Score
54%
Avg Friend Score
Upgrade to see
Score Distribution
Jump to the score distribution portion of the page
Score
0/14
Timer
03:00
0
Plays Today
Hint
Movie
% Correct
Detention. Cliques. Emotions.
The Breakfast Club
88.5%
Foreign Exchange. Queen Bee. Sabotage.
Mean Girls
80.7%
Cheerleading. Race. Rivalry.
Bring It On
80.7%
Clothes. Popularity. Partying.
Clueless
74.9%
Soccer. Disguises. Gender.
She's the Man
65%
Prom Queen. Wager. Makeover.
She's All That
56.8%
Birthdays. Crushes. Panties.
Sixteen Candles
53.5%
Hint
Movie
% Correct
Dating. Breakups. Poetry.
10 Things I Hate About You
48.6%
Cliques. Suicide. Violence.
Heathers
45%
Magic. Witches. Spells.
The Craft
44.9%
Murder. Mystery. Gore.
Scream
37.3%
Virgin. Seduction. Wager.
Cruel Intentions
33.4%
Ditching. Freedom. Friends.
Ferris Bueller's Day Off
33.2%
Football. Sex. Texas.
Varsity Blues
30.1%
Quiz Playlist
Details
Report
Send in Message
Add To Playlist
Classic:
Type in answers that appear in a list
Last Updated: Feb 16, 2017
Quiz Scoreboard
CHALLENGE
Sign Up to Join the Scoreboard
Show All
Scores
Hide
Comments
May contain spoilers
Recently Published
Presidents Visiting Landmarks
by Hejman
History
7m
An Introduction to Baseball
by treessimontrees
Sports
5m
Movies - When Are They Set?
by FPL_Elf
Movies
5m
More to Explore
Quiz From the Vault
Featured Blog Post
Where Did the Easter Bunny Come From?
hide this ad
You Might Also Like...
Tags
Movie Characters Quiz
Movie Quotes Quiz
1990s
Comedy Movie
Movie Couples
Movie Taglines
PG-13 Movie
Romantic Teen
Teen Drama
Teen Flicks
Teen Movie
Teen Stars
Today's Top Quizzes in Movies
Browse Movies
hide this ad
Today's Top Quizzes in Movie Quotes
Browse Movie Quotes
Top Contributed Quizzes in Movies
1
Pick 5 Posters: Directed by Spielberg
2
7-to-1: Pixar Characters
3
Pick 5 Posters: Lowest-Rated Spielberg
4
Pick 5 Posters: Directed by Scorsese
5
Pick 5 Posters: Star & Director
6
Sorting Actors
7
Sorting Actresses
8
12 Movies about Fictional 1960s Events
9
Multi-Oscar Nominations, One Movie, One Winner
10
Pick 5 Posters: Women Directed 2020s
Explore More
Trending Topics
Crossword
Marvel
Kpop
Anime
Harry Potter
NBA
Disney
Pokémon
Puzzle
Country
Song
The Office
Soccer
WWE
NFL
hide this ad
More By:
orphiahedra
Quiz
Plays
Rating
Category
Featured
Created
Name That Teen Movie
722
3.20
Movies
Jul 19, 2015
FRIENDS: Quote Match-Up I
619
3.88
Television
Jul 21, 2015
Madonna Song Match-Up
76
5.00
Music
Jul 21, 2015
Rotten Tomatoes I
51
4.67
Movies
Jul 20, 2015
Go to Creator's Profile
Score Distribution
Quiz Creator Spotlight
orphiahedra
Follow
Send a Message
Quizzes Created
-
Created Quiz Play Count
-
More By This Creator
Popular Quizzes Today
1
Find the US States - No Outlines Minefield
2
Find the Countries of Europe - No Outlines Minefield
3
The Countries of the World
4
Find the US States
5
Popular People in 1961
6
US States
7
Risky Map Clicking: Biggest States A-Z
8
Movies - When Are They Set?
More Movies Quizzes
30 School Movies
Published
Trending Quizzes
Risky Map Clicking: Least Populous States A-Z
1-10 Letter G Words
1-10 Letter F Words
Risky Map Clicking: Next State Alphabetically
Risky Map Clicking: Biggest States A-Z
Recently Updated
Leaping Animals
pecheneg
Reality TV Shows (A-Z)
bhenderson79
Rickey Henderson's Hall of Fame Teammates
pecheneg
Champions League XIs: Arsenal
pecheneg
Quick Pick: Celebrities in WWE's Hall of Fame
aduchscher
A-Z Keypad Blitz II
pecheneg
Multiple Oscar Actors
pecheneg
Mystery Phrase Blitz: Oscar 'Best Actors'
pecheneg
F. Scott Fitzgerald Novels
LTH
Pick 3 Villains
ddd62291
Trending Topics
NBA
Marvel
Disney
Harry Potter
Crossword
Anime
Kpop
NFL
Country
Puzzle
The Office
Pokémon
Song
WWE
Soccer
Your Account Isn't Verified!
In order to create a playlist on Sporcle, you need to verify the email address you used during registration. Go to your
Sporcle Settings
to finish the process.
Report this User
Report this user for behavior that violates our
Community Guidelines
.
Details:
Send Report
Go to the Sporcle.com Mobile Site →
Comments